00929nam a2200229 a 4500001001000000003000500010005001700015008004100032010001100073011001100084040000900095100003900104245016900143260004100312500006000353502010200413650001600515650003100531650005400562650001300616856007000629000108674CHAP20220329144020.0140303s2012 mx | |sm |||||||spa|d a105136 a106108 cCHAP1 aReséndiz Trejo, Francisco Javier10aFactibilidad técnica y financiera de un proyecto de ecoturismo en el municipio de Tequisquiapan, Querétaroh[En línea]cpor Francisco Javier Reséndiz Trejo. aChapingo, Méx. :bEl autor,c2012. aPara ver el contenido del material haga clic en la liga aTesis (Lic. en Economía Agrícola) -- UACH. División de Ciencias Económico Administrativas14aEcoturismo.14aProyectosxFinanciamiento.14aRecursos naturalesxAprovechamientoxQuerétaro.14aTurismo. aFinding aiduhttp://10.13.5.2/tesis/sist108674.pdfzTeclea aquí